000 01045nam a2200253 a 4500
001 57071
003 BD-RjUL
005 20211209080450.0
008 161205s1966 bg ||||| |||| 00| 0 ben d
020 _c: TK 3.00
035 _a(BD-RjUL)57195
040 _aBD-RjUL
_bben
_cBD-RjUL
041 _aben
082 _223
_a294.3
_bMAA 1966
100 _aমহাস্থবির, শীলালস্কার
_9169551
245 1 0 _aআনন্দ /
_cশীলালস্কার মহাস্থবির
260 _aচট্রগ্রাম :
_bজ্ঞানশ্রী স্থবির,
_c১৯৬৬ [১৩৭৩]
300 _a২৬০ পৃ. ;
_c২৩ সেমি.
490 _aত্রিপিটক প্রচার বোর্ড-গ্রন্থমালা ৪
650 _aবুদ্ধত্ত্ববাদ
_9169250
650 _aBuddism
_9169552
856 _3ত্রিপিটক প্রচার বোর্ড-গ্রন্থমালা ৪
942 _2ddc
_cBK
999 _c57071
_d57071